[Event "Martinique op"]
[Site "Schoelcher"]
[Date "2014.04.12"]
[Round "3"]
[White "Verneuil, Pascal"]
[Black "Parfait, Emmanuel"]
[Result "1-0"]
[WhiteElo "2073"]
[BlackElo "1474"]
[PlyCount "119"]
[EventDate "2014.04.12"]
[EventType "swiss"]
[EventRounds "9"]
[EventCountry "FRA"]
[SourceTitle "EXT 2015"]
[Source "ChessBase"]
[SourceDate "2014.11.20"]
[SourceVersion "1"]
[SourceVersionDate "2014.11.20"]
[SourceQuality "1"]

1. e4 e5 2. Nf3 Nc6 3. Bc4 Nf6 4. Ng5 d5 5. exd5 Nxd5 6. Qf3 Qxg5 7. Bxd5 Qg6 8. c3 Bf5 9. d3 Bxd3 10. Bxf7+ Qxf7 11. Qxd3 Bc5 12. 0-0 0-0 13. Be3 e4 14. Qe2 Bb6 15. Nd2 Bxe3 16. Qxe3 Rae8 17. Nxe4 Qc4 18. f3 Ne5 19. b3 Qd3 20. Qxd3 Nxd3 21. Rad1 Ne5 22. Rd5 b6 23. Rfd1 h6 24. c4 Re7 25. h3 Ree8 26. Ng3 Re7 27. Kf2 Kh7 28. Re1 Rfe8 29. Re4 Nc6 30. Rxe7 Rxe7 31. Ne4 Re5 32. Nc3 Re7 33. Rd2 Nb4 34. a3 Nc6 35. Nd5 Rf7 36. Rd3 Ne5 37. Re3 Nc6 38. Re4 Nb8 39. b4 c6 40. Re7 Rxe7 41. Nxe7 c5 42. b5 g5 43. Ke3 Kg7 44. g3 a5 45. bxa6 Nxa6 46. Nd5 Nb8 47. Nxb6 Nc6 48. Nd7 Nd4 49. a4 Nb3 50. f4 Kg6 51. g4 gxf4+ 52. Kxf4 Kg7 53. h4 Kf7 54. g5 Kg6 55. gxh6 Kxh6 56. Kg4 Kg6 57. Ne5+ Kf6 58. Nc6 Nd4 59. Nxd4 cxd4 60. Kf4 1-0